<?xml version="1.0" encoding="UTF-8"?>
<record
    xmlns:xsi="http://www.w3.org/2001/XMLSchema-instance"
    xsi:schemaLocation="http://www.loc.gov/MARC21/slim http://www.loc.gov/standards/marcxml/schema/MARC21slim.xsd"
    xmlns="http://www.loc.gov/MARC21/slim">

  <leader>00753nam a2200229Ia 4500</leader>
  <datafield tag="999" ind1=" " ind2=" ">
    <subfield code="c">41039</subfield>
    <subfield code="d">41039</subfield>
  </datafield>
  <controlfield tag="001">7688</controlfield>
  <controlfield tag="003">GE_BSU</controlfield>
  <controlfield tag="005">20230830162427.0</controlfield>
  <controlfield tag="008">181216s1989||||ru |||||||||||||| ||ru ||</controlfield>
  <datafield tag="040" ind1=" " ind2=" ">
    <subfield code="c">GE_BSU</subfield>
  </datafield>
  <datafield tag="041" ind1=" " ind2=" ">
    <subfield code="a">rus</subfield>
  </datafield>
  <datafield tag="080" ind1=" " ind2=" ">
    <subfield code="a">616.89(075.8) &#x416;-34</subfield>
  </datafield>
  <datafield tag="100" ind1=" " ind2=" ">
    <subfield code="a">&#x416;&#x430;&#x440;&#x438;&#x43A;&#x43E;&#x432;, &#x41D;.&#x41C;.</subfield>
    <subfield code="9">19729</subfield>
  </datafield>
  <datafield tag="245" ind1=" " ind2=" ">
    <subfield code="a">&#x41F;&#x441;&#x438;&#x445;&#x438;&#x430;&#x442;&#x440;&#x438;&#x44F; /</subfield>
    <subfield code="c">&#x41D;.&#x41C;. &#x416;&#x430;&#x440;&#x438;&#x43A;&#x43E;&#x432;,  &#x41B;. &#x413;. | &#x423;&#x440;&#x441;&#x43E;&#x432;&#x430;, &#x414;. &#x424;. &#x425;&#x440;&#x438;&#x442;&#x438;&#x43D;&#x438;&#x43D;.</subfield>
  </datafield>
  <datafield tag="264" ind1=" " ind2=" ">
    <subfield code="a">&#x41C;&#x43E;&#x441;&#x43A;&#x432;&#x430; :</subfield>
    <subfield code="b">&#x41C;&#x435;&#x434;&#x438;&#x446;&#x438;&#x43D;&#x430;,</subfield>
    <subfield code="c">1989.</subfield>
  </datafield>
  <datafield tag="300" ind1=" " ind2=" ">
    <subfield code="a">496 &#x441;&#x442;&#x440;.;</subfield>
    <subfield code="b">20 &#x441;&#x43C;.</subfield>
  </datafield>
  <datafield tag="653" ind1=" " ind2=" ">
    <subfield code="a">&#x41F;&#x441;&#x438;&#x445;&#x438;&#x430;&#x442;&#x440;&#x438;&#x44F;</subfield>
  </datafield>
  <datafield tag="653" ind1=" " ind2=" ">
    <subfield code="a">&#x10E4;&#x10E1;&#x10D8;&#x10E5;&#x10D8;&#x10D0;&#x10E2;&#x10E0;&#x10D8;&#x10D0;</subfield>
  </datafield>
  <datafield tag="700" ind1=" " ind2=" ">
    <subfield code="a">&#x423;&#x440;&#x441;&#x43E;&#x432;&#x430;, &#x41B;. &#x413;. </subfield>
    <subfield code="e">&#x10D0;&#x10D5;&#x10E2;&#x10DD;&#x10E0;&#x10D8;</subfield>
    <subfield code="9">19730</subfield>
  </datafield>
  <datafield tag="700" ind1=" " ind2=" ">
    <subfield code="a">| &#x425;&#x440;&#x438;&#x442;&#x438;&#x43D;&#x438;&#x43D;, &#x414;. &#x424;.</subfield>
    <subfield code="e">&#x10D0;&#x10D5;&#x10E2;&#x10DD;&#x10E0;&#x10D8;</subfield>
    <subfield code="9">19731</subfield>
  </datafield>
  <datafield tag="942" ind1=" " ind2=" ">
    <subfield code="c">BK</subfield>
    <subfield code="2">udc</subfield>
  </datafield>
  <datafield tag="952" ind1=" " ind2=" ">
    <subfield code="0">0</subfield>
    <subfield code="1">0</subfield>
    <subfield code="2">udc</subfield>
    <subfield code="4">0</subfield>
    <subfield code="6">616890758_&#x416;34</subfield>
    <subfield code="7">0</subfield>
    <subfield code="9">46847</subfield>
    <subfield code="a">CPL</subfield>
    <subfield code="b">CPL</subfield>
    <subfield code="c">GEN</subfield>
    <subfield code="d">2018-12-17</subfield>
    <subfield code="g">20.00</subfield>
    <subfield code="o">616.89(075.8) &#x416;-34</subfield>
    <subfield code="p">3504</subfield>
    <subfield code="r">2018-12-17</subfield>
    <subfield code="t">3504</subfield>
    <subfield code="w">2018-12-17</subfield>
    <subfield code="y">BK</subfield>
    <subfield code="z">20 &#x10DA;.</subfield>
  </datafield>
</record>
